Biblioteca ESET

La química de los alimentos (Registro nro. 745)

Detalles MARC
000 -CABECERA
fixed length control field 00905nam a2200289Ia 4500
003 - CONTROL NUMBER IDENTIFIER
control field AR-BeUNQ
005 - FECHA Y HORA DE LA ULTIMA TRANSACCION
control field 20240522133811.0
008 - ELEMENTOS DE LONGITUD FIJA-INFORMACION GENERAL
fixed length control field 221202s9999 xx 000 0 und d
020 ## - NUMERO INTERNACIONAL NORMALIZADO PARA LIBROS
Número Internacional Normalizado del libro 9789500007429
040 ## - FUENTE DE CATALOGACION
Agencia de catalogación original AR-BeUNQ
Idioma de catalogación ESPAÑOL
Convenciones de la descripción aacr
Agencia que realiza la transcripción AR-BeUNQ
082 ## - NUMERO DE CLASIFICACION DECIMAL DEWEYMBER
Número de la edición 21
Número de clasificación 540
100 ## - ASIENTO PRINCIPAL-NOMBRE PERSONAL
Nombre personal Rembado, Florencia
245 #0 - MENCION DE TITULO
Título La química de los alimentos
250 ## - MENCION DE EDICION
Mención de edición 1a.ed
260 ## - PUBLICACION, DISTRIBUCION, ETC.
Lugar de publicación, distribución, etc. Buenos Aires :
Nombre del editor, distribuidor, etc. Ministerio de Educación de la Nación. Instituto Nacional de Educación Tecnológica
Fecha de publicación, distribución, etc 2009
300 ## - DESCRIPCION FISICA
Extensión 144 p. :
Otros detalles físicos il, ;
Dimensiones 24 x 19 cm
490 ## - MENCION DE SERIE
Mención de serie Colección Las Ciencias Naturales y la matemática
500 ## - NOTA GENERAL
Nota general Quimica
504 ## - NOTA DE BIBLIOGRAFIA, ETC.
Nota de bibliografía, etc. Bibliografía de referencia
521 ## - NOTA DE AUDIENCIA
Nota de audiencia contiene webgrafía
546 ## - NOTA DE IDIOMA
Nota de idioma Español
653 ## - TERMINO DE INDIZACION - NO CONTROLADO
Término de indización no controlado Educación Secundaria
653 ## - TERMINO DE INDIZACION - NO CONTROLADO
Término de indización no controlado Quimica
700 ## - ASIENTO SECUNDARIO - NOMBRE DE PERSONA
Personal name Sceni Paula,
Fuller form of name coaut.
929 ## - DATOS DE ADQUISICION
Proveedor EES N° 15
Fecha de recibido 2022
Procedencia DONACION
Número de inventario 60260
Patrimonio UNQ PAT0081489
942 ## - ELEMENTOS DE PUNTO DE ACCESO ADICIONAL (KOHA)
Tipo de ítem Koha Libros
Suppress in OPAC 0
Existencias
Estado de retiro Estado de pérdida Ubicación permanente Ubicación actual Ubicación en estantería Fecha de ingreso Total Checkouts Signatura topográfica completa Date last seen Tipo de ítem Koha Operador Inventario
    Biblioteca ESET - UNQ Biblioteca ESET - UNQ CIRCULACION 02/12/2022   540 REM 22/05/2024 Libros Gladys Alarcon  
    Biblioteca ESET - UNQ Biblioteca ESET - UNQ   22/05/2024     22/05/2024 Libros   60260

ESET UNQ

☏ 4365-7188
 Avenida República de Francia 1714 entre Doctor Kenny y Concordia, Ezpeleta, Bs As.
✉ secretaria_eset@unq.edu.ar

Con tecnología Koha